TV Debuts: 1990 Quiz Stats

Quiz Updated Oct 19, 2017

Also try: TV Debuts: 1991
Challenge
Share
Tweet
Score 0/16 Timer 06:00
1 Play Today
Hint Answer % Correct
The Fresh Prince of Bel-Air
96.5%
Zorro
89.9%
Mr. Bean
84.3%
The Flash
84.2%
Beverly Hills, 90210
73.2%
Blossom
70.7%
Law & Order
69.9%
Captain Planet and the Planeteers
50.6%
Hint Answer % Correct
Wings
48.5%
In Living Color
46.5%
Twin Peaks
44.7%
Northern Exposure
37.4%
TaleSpin
21%
Keeping Up Appearances
21%
Evening Shade
15.1%
Jeeves and Wooster
12.5%

You're not logged in!

Compare scores with friends on all Sporcle quizzes.
Sign Up with Email
OR
Log In

You Might Also Like...

Show Comments

Extras

Top Quizzes Today


Score Distribution

Your Account Isn't Verified!

In order to create a playlist on Sporcle, you need to verify the email address you used during registration. Go to your Sporcle Settings to finish the process.